[Event "Winnipeg TNT March op"]
[Site "Winnipeg CAN"]
[Date "2012.03.06"]
[Round "1"]
[White "Rutter, Blair"]
[Black "Leaden, Bruce"]
[Result "1-0"]
[WhiteElo "1880"]
[BlackElo "1488"]
[PlyCount "61"]
[GameId "2160767909576087"]
[EventDate "2012.03.06"]
[EventType "swiss"]
[EventRounds "4"]
[EventCountry "CAN"]
[SourceTitle "EXT 2022"]
[Source "ChessBase"]
[SourceDate "2021.10.06"]
[SourceVersion "1"]
[SourceVersionDate "2021.10.06"]
[SourceQuality "1"]

1. c4 c5 2. g3 g6 3. Bg2 Bg7 4. Nc3 Nf6 5. e4 d6 6. Nge2 Nc6 7. O-O Bg4 8. f3 Bd7 9. h3 O-O 10. d3 Nd4 11. Be3 e5 12. Qd2 Qc8 13. Kh2 Nh5 14. Nd5 Qd8 15. Bg5 f6 16. Be3 Nxe2 17. Qxe2 f5 18. f4 Nf6 19. Nc3 Bc6 20. fxe5 dxe5 21. Bxc5 Rf7 22. Rad1 Nd7 23. Bf2 Qe7 24. exf5 Bxg2 25. fxg6 hxg6 26. Kxg2 Raf8 27. Nd5 Qe6 28. b4 b6 29. Be3 Rf5 30. Rxf5 Rxf5 31. Rf1 1-0

[Event "Winnipeg TNT March op"]
[Site "Winnipeg CAN"]
[Date "2012.03.06"]
[Round "1"]
[White "Trueman, Francis"]
[Black "Cleto, Sam"]
[Result "0-1"]
[WhiteElo "1904"]
[BlackElo "1520"]
[PlyCount "73"]
[GameId "2160767909576088"]
[EventDate "2012.03.06"]
[EventType "swiss"]
[EventRounds "4"]
[EventCountry "CAN"]
[SourceTitle "EXT 2022"]
[Source "ChessBase"]
[SourceDate "2021.10.06"]
[SourceVersion "1"]
[SourceVersionDate "2021.10.06"]
[SourceQuality "1"]

1. Nf3 Nf6 2. d3 Nc6 3. Nbd2 e5 4. g3 h6 5. Bg2 d5 6. e4 dxe4 7. dxe4 Bc5 8. O-O O-O 9. c3 Bg4 10. Re1 Qd7 11. Qe2 Bh3 12. Nf1 Bxg2 13. Kxg2 Ng4 14. Ne3 Rad8 15. Nxg4 Qxg4 16. Qb5 Bb6 17. Nxe5 Qh5 18. Bf4 a6 19. g4 Qh4 20. Qe2 Nxe5 21. Bxe5 Rfe8 22. Bg3 Qg5 23. h4 Qa5 24. g5 hxg5 25. b4 Qb5 26. Qxb5 axb5 27. hxg5 Rd3 28. Rac1 Kh7 29. Rh1+ Kg6 30. Bf4 Rxe4 31. Bg3 Rg4 32. Rhd1 Rxd1 33. Rxd1 Rxg5 34. Rd8 c5 35. Rd6+ f6 36. Rxb6 cxb4 37. cxb4 0-1

[Event "Winnipeg TNT March op"]
[Site "Winnipeg CAN"]
[Date "2012.03.06"]
[Round "1"]
[White "Wolchock, Theo"]
[Black "Repa, Jason"]
[Result "0-1"]
[WhiteElo "1779"]
[BlackElo "1987"]
[PlyCount "94"]
[GameId "2160767909576089"]
[EventDate "2012.03.06"]
[EventType "swiss"]
[EventRounds "4"]
[EventCountry "CAN"]
[SourceTitle "EXT 2022"]
[Source "ChessBase"]
[SourceDate "2021.10.06"]
[SourceVersion "1"]
[SourceVersionDate "2021.10.06"]
[SourceQuality "1"]

1. c4 Nf6 2. g3 e6 3. Bg2 d5 4. Nc3 c6 5. cxd5 exd5 6. e3 Bd6 7. Nge2 O-O 8. O-O Re8 9. d3 Nbd7 10. b3 Nf8 11. Bb2 Bf5 12. Rc1 Qd7 13. Re1 Re7 14. Nd4 Bh3 15. Bh1 Rae8 16. e4 Be5 17. Nc2 dxe4 18. dxe4 Bxc3 19. Bxc3 Nxe4 20. Bb4 c5 21. Qxd7 Nxd7 22. Bxe4 Rxe4 23. Rxe4 Rxe4 24. Bc3 f6 25. Ne3 Be6 26. Rd1 Kf7 27. Nc4 Ke7 28. Ne3 Ne5 29. Bxe5 Rxe5 30. Kg2 Bd7 31. Re1 Kd8 32. Rd1 Kc7 33. Nc4 Re2 34. Rd2 Rxd2 35. Nxd2 b5 36. Kf3 Kd6 37. Ke3 Bc6 38. f4 a5 39. Kd3 Bd5 40. Ne4+ Bxe4+ 41. Kxe4 g6 42. g4 a4 43. h3 axb3 44. axb3 Ke6 45. f5+ gxf5+ 46. gxf5+ Kd6 47. Kf4 Kd5 0-1

[Event "Winnipeg TNT March op"]
[Site "Winnipeg CAN"]
[Date "2012.03.13"]
[Round "2"]
[White "Boron, Anthony"]
[Black "Rutter, Blair"]
[Result "1-0"]
[WhiteElo "2054"]
[BlackElo "1880"]
[PlyCount "111"]
[GameId "2160767909576090"]
[EventDate "2012.03.06"]
[EventType "swiss"]
[EventRounds "4"]
[EventCountry "CAN"]
[SourceTitle "EXT 2022"]
[Source "ChessBase"]
[SourceDate "2021.10.06"]
[SourceVersion "1"]
[SourceVersionDate "2021.10.06"]
[SourceQuality "1"]

1. d4 d5 2. c4 c6 3. Nf3 Nf6 4. e3 h6 5. Nbd2 Bf5 6. Qb3 Qc7 7. Bd3 Bxd3 8. Qxd3 e6 9. O-O Nbd7 10. b3 Bb4 11. Bb2 O-O 12. h3 Rad8 13. Qc2 Rfe8 14. a3 Bxd2 15. Nxd2 e5 16. cxd5 Nxd5 17. e4 Nf4 18. Nf3 exd4 19. Bxd4 Re6 20. Kh1 Rde8 21. Rae1 Qa5 22. Qd2 Qxd2 23. Nxd2 c5 24. Bc3 Rg6 25. g3 Nxh3 26. Kh2 Ng5 27. f4 Nh7 28. Nc4 Rc6 29. Rd1 Ndf6 30. e5 Ng4+ 31. Kh3 h5 32. Rd7 Rb8 33. Re1 Nf8 34. Re7 a6 35. Nd6 Nh6 36. Rxb7 Rxb7 37. Nxb7 Ne6 38. Nd6 Ng4 39. Nf5 Rb6 40. b4 cxb4 41. axb4 a5 42. Rb1 g6 43. Ne7+ Kf8 44. Nd5 Rb5 45. Nf6 Nxf6 46. exf6 Nc5 47. Rd1 Ne6 48. bxa5 Rb3 49. Be5 Ke8 50. a6 Ra3 51. Rb1 Rxa6 52. Rb8+ Kd7 53. Rb7+ Kc6 54. Rxf7 g5 55. Re7 Kd5 56. f7 1-0

[Event "Winnipeg TNT March op"]
[Site "Winnipeg CAN"]
[Date "2012.03.13"]
[Round "2"]
[White "Leaden, Bruce"]
[Black "Wolchock, Theo"]
[Result "0-1"]
[WhiteElo "1488"]
[BlackElo "1779"]
[PlyCount "76"]
[GameId "2160767909576091"]
[EventDate "2012.03.06"]
[EventType "swiss"]
[EventRounds "4"]
[EventCountry "CAN"]
[SourceTitle "EXT 2022"]
[Source "ChessBase"]
[SourceDate "2021.10.06"]
[SourceVersion "1"]
[SourceVersionDate "2021.10.06"]
[SourceQuality "1"]

1. e4 c5 2. Nc3 g6 3. f4 Bg7 4. Nf3 Nc6 5. Bb5 e6 6. O-O Nge7 7. Qe1 O-O 8. d3 d5 9. Qh4 f6 10. f5 exf5 11. exd5 Ne5 12. Nxe5 fxe5 13. Bg5 Rf7 14. Bc4 h6 15. Bxe7 Qxe7 16. Qxe7 Rxe7 17. d6+ Re6 18. Bxe6+ Bxe6 19. h3 a6 20. Na4 Rc8 21. Nb6 Rc6 22. d7 Bf6 23. Nc4 Bxd7 24. Rae1 Re6 25. Re2 b5 26. Ne3 Bc6 27. c4 Rd6 28. Rd1 h5 29. Kf2 f4 30. Nf1 bxc4 31. Red2 e4 32. dxe4 Rxd2+ 33. Rxd2 Bxe4 34. Rd6 Bd4+ 35. Rxd4 cxd4 36. Nd2 Bd5 37. g3 fxg3+ 38. Kxg3 c3 0-1

[Event "Winnipeg TNT March op"]
[Site "Winnipeg CAN"]
[Date "2012.03.13"]
[Round "2"]
[White "Li, Kevin"]
[Black "Kaptsan, Aron"]
[Result "1/2-1/2"]
[WhiteElo "2219"]
[BlackElo "1943"]
[PlyCount "98"]
[GameId "2160767909576092"]
[EventDate "2012.03.06"]
[EventType "swiss"]
[EventRounds "4"]
[EventCountry "CAN"]
[SourceTitle "EXT 2022"]
[Source "ChessBase"]
[SourceDate "2021.10.06"]
[SourceVersion "1"]
[SourceVersionDate "2021.10.06"]
[SourceQuality "1"]

1. e4 e5 2. Nf3 Nc6 3. Bb5 a6 4. Bxc6 dxc6 5. d3 Qd6 6. Nbd2 Be6 7. Qe2 f6 8. Nc4 Bxc4 9. dxc4 O-O-O 10. Be3 c5 11. O-O Qe6 12. Rad1 Bd6 13. c3 Nh6 14. Bxh6 gxh6 15. Nh4 Qf7 16. Nf5 Bf8 17. Rxd8+ Kxd8 18. Rd1+ Kc8 19. Qd3 Qe8 20. Qd5 h5 21. h4 c6 22. Qd3 Rg8 23. g3 Be7 24. Qe2 Kc7 25. Rd2 Rg4 26. f3 Rg8 27. Qd1 Rf8 28. Kg2 Rf7 29. f4 exf4 30. gxf4 Rf8 31. Kf3 Rg8 32. Rg2 Rxg2 33. Kxg2 Bf8 34. Kf3 Qg6 35. Ke3 Qg2 36. Qxh5 Qxb2 37. Qf7+ Kb6 38. Qxf8 Qxc3+ 39. Kf2 Qd2+ 40. Kf3 Qd1+ 41. Kg3 Qg1+ 42. Kh3 Qh1+ 43. Kg4 Qd1+ 44. Kg3 Qg1+ 45. Kf3 Qf1+ 46. Ke3 Qe1+ 47. Kd3 Qd1+ 48. Kc3 Qc1+ 49. Kb3 Qb1+ 1/2-1/2

[Event "Winnipeg TNT March op"]
[Site "Winnipeg CAN"]
[Date "2012.03.13"]
[Round "2"]
[White "Reimer, Bruce"]
[Black "Baron, Cody"]
[Result "0-1"]
[WhiteElo "1487"]
[BlackElo "1438"]
[PlyCount "94"]
[GameId "2160767909576093"]
[EventDate "2012.03.06"]
[EventType "swiss"]
[EventRounds "4"]
[EventCountry "CAN"]
[SourceTitle "EXT 2022"]
[Source "ChessBase"]
[SourceDate "2021.10.06"]
[SourceVersion "1"]
[SourceVersionDate "2021.10.06"]
[SourceQuality "1"]

1. e4 e6 2. d3 d5 3. Nd2 Nf6 4. Ngf3 c5 5. g3 Nc6 6. Bg2 Be7 7. O-O O-O 8. Re1 Qc7 9. e5 Nd7 10. Qe2 b6 11. Nf1 Bb7 12. h4 Rfe8 13. Bf4 Qd8 14. h5 h6 15. N1h2 Nd4 16. Nxd4 cxd4 17. Nf3 Bc5 18. g4 Be7 19. Qd2 f6 20. Nxd4 fxe5 21. Nxe6 Bb4 22. Qxb4 Rxe6 23. c4 a5 24. Qd2 Nf6 25. Qd1 Qd6 26. Bg3 Rae8 27. d4 Qb4 28. dxe5 Qxc4 29. Bf3 Ne4 30. Bxe4 dxe4 31. b3 Qd3 32. Qc1 Qf3 33. Re3 Qxg4 34. Qd1 Qg5 35. Kh2 Rd8 36. Qe2 Rxe5 37. Bxe5 Qxe5+ 38. Kh1 Qxa1+ 39. Kg2 Kh8 40. Qb5 Qf6 41. Qc4 Qg5+ 42. Kf1 Qxh5 43. Qc7 Ba6+ 44. Kg2 Rd5 45. Qxb6 Rg5+ 46. Rg3 Qf3+ 47. Kh2 Rh5+ 0-1

[Event "Winnipeg TNT March op"]
[Site "Winnipeg CAN"]
[Date "2012.03.13"]
[Round "2"]
[White "Remillard, John"]
[Black "Green, Jim"]
[Result "0-1"]
[WhiteElo "1583"]
[BlackElo "1814"]
[PlyCount "72"]
[GameId "2160767909576094"]
[EventDate "2012.03.06"]
[EventType "swiss"]
[EventRounds "4"]
[EventCountry "CAN"]
[SourceTitle "EXT 2022"]
[Source "ChessBase"]
[SourceDate "2021.10.06"]
[SourceVersion "1"]
[SourceVersionDate "2021.10.06"]
[SourceQuality "1"]

1. c4 e5 2. Nc3 Nf6 3. a3 Be7 4. e4 O-O 5. Nf3 d6 6. d4 exd4 7. Nxd4 Nc6 8. Nxc6 bxc6 9. Bd3 Be6 10. O-O Nd7 11. f4 f5 12. exf5 Bxf5 13. Bxf5 Rxf5 14. Qc2 Qf8 15. g4 Rf7 16. Be3 Nb6 17. Ne4 d5 18. Bxb6 cxb6 19. cxd5 cxd5 20. Ng5 Bxg5 21. fxg5 Qc5+ 22. Qxc5 bxc5 23. Rxf7 Kxf7 24. Kf2 Rb8 25. Rb1 Rb3 26. Ke2 Ke6 27. Kd2 d4 28. Re1+ Kd6 29. Kc2 c4 30. Re4 d3+ 31. Kc1 c3 32. bxc3 Rxc3+ 33. Kd2 Rxa3 34. Rd4+ Ke6 35. Rxd3 Rxd3+ 36. Kxd3 Ke5 0-1

[Event "Winnipeg TNT March op"]
[Site "Winnipeg CAN"]
[Date "2012.03.13"]
[Round "2"]
[White "Swift, Ryne"]
[Black "Cleto, Sam"]
[Result "1-0"]
[WhiteElo "1807"]
[BlackElo "1904"]
[PlyCount "109"]
[GameId "2160767909576096"]
[EventDate "2012.03.06"]
[EventType "swiss"]
[EventRounds "4"]
[EventCountry "CAN"]
[SourceTitle "EXT 2022"]
[Source "ChessBase"]
[SourceDate "2021.10.06"]
[SourceVersion "1"]
[SourceVersionDate "2021.10.06"]
[SourceQuality "1"]

1. e4 c5 2. Nf3 e6 3. d4 cxd4 4. Nxd4 Nf6 5. Nc3 d6 6. Be3 a6 7. f3 Be7 8. Qd2 O-O 9. Be2 b5 10. O-O Bb7 11. Rad1 Nbd7 12. Kh1 Ne5 13. a3 Qc7 14. Rfe1 Rac8 15. Bf2 Nc4 16. Bxc4 Qxc4 17. Qd3 Nh5 18. Qxc4 Rxc4 19. g3 Nf6 20. Nb3 Ba8 21. Kg2 h5 22. h4 Nh7 23. Rd2 Nf6 24. Red1 Ne8 25. Na5 Rc8 26. Nb3 g5 27. hxg5 Bxg5 28. Rd3 Kh7 29. Be3 Be7 30. Nd4 Kg6 31. Rc1 Nf6 32. Kf2 Rh8 33. Bf4 Rc4 34. Nb3 e5 35. Be3 h4 36. gxh4 Rxh4 37. Rg1+ Kh7 38. Nd2 Rc8 39. Nf1 Nh5 40. Ng3 Rh2+ 41. Rg2 Rxg2+ 42. Kxg2 Bh4 43. Nxh5 Rg8+ 44. Kh3 Be7 45. Ng3 Bb7 46. Nf5 Bc8 47. Nd5 Bd8 48. Bb6 Bg5 49. Kg2 b4 50. Rd1 Rg6 51. Rh1+ Kg8 52. Kf2 bxa3 53. Nfe7+ Kg7 54. Nxg6 axb2 55. f4 1-0

[Event "Winnipeg TNT March op"]
[Site "Winnipeg CAN"]
[Date "2012.03.13"]
[Round "2"]
[White "Wasserman, Leor"]
[Black "Mundwiler, Les"]
[Result "0-1"]
[WhiteElo "1892"]
[BlackElo "2087"]
[PlyCount "146"]
[GameId "2160767909576097"]
[EventDate "2012.03.06"]
[EventType "swiss"]
[EventRounds "4"]
[EventCountry "CAN"]
[SourceTitle "EXT 2022"]
[Source "ChessBase"]
[SourceDate "2021.10.06"]
[SourceVersion "1"]
[SourceVersionDate "2021.10.06"]
[SourceQuality "1"]

1. e4 e5 2. Nf3 Nc6 3. c3 d5 4. Bb5 f6 5. Qa4 Nge7 6. d3 Bg4 7. Nbd2 Be6 8. O-O a6 9. Bxc6+ Nxc6 10. d4 Qd6 11. dxe5 fxe5 12. Ng5 Bg8 13. exd5 Qxd5 14. Qg4 Qd7 15. Qe2 O-O-O 16. Ngf3 Qg4 17. h3 Qh5 18. Re1 Re8 19. Ne4 h6 20. Ng3 Qf7 21. Qe4 Bh7 22. Qg4+ Kb8 23. Be3 e4 24. Nd4 Ne5 25. Qe2 Nc4 26. Nb3 Nxe3 27. Qxe3 Bd6 28. Nc5 Qc4 29. Nb3 Rhf8 30. Rad1 Bf4 31. Qe2 Qc6 32. Nd4 Qb6 33. Nf1 Bg8 34. Qc2 Qg6 35. Ne2 Bd6 36. Nd4 Bc4 37. Ne3 Bd3 38. Qb3 Bc5 39. Qd5 Bb6 40. Nef5 c6 41. Qd7 Qf6 42. Nd6 Re7 43. Qf5 Bxd4 44. Rxd3 Bxf2+ 45. Kxf2 Qxf5+ 46. Nxf5 Rxf5+ 47. Rf3 Rd5 48. Rfe3 Rde5 49. Kg3 h5 50. Kf4 g5+ 51. Kg3 a5 52. h4 Kc7 53. hxg5 Rxg5+ 54. Kf2 Rg4 55. Rg3 Rf4+ 56. Ke3 Rf5 57. Kd2 Rf2+ 58. Re2 Rf5 59. Rge3 Rfe5 60. Rf2 a4 61. c4 Kb6 62. Kc3 Kc5 63. b3 axb3 64. axb3 Kb6 65. b4 c5 66. Rf6+ Kc7 67. bxc5 Rxc5 68. Rf4 Rg5 69. g3 Reg7 70. Rfxe4 Rxg3 71. Re7+ Rxe7 72. Rxg3 h4 73. Rh3 Rh7 0-1

[Event "Winnipeg TNT March op"]
[Site "Winnipeg CAN"]
[Date "2012.03.20"]
[Round "3"]
[White "Baron, Cody"]
[Black "Reimer, Bruce"]
[Result "1-0"]
[WhiteElo "1438"]
[BlackElo "1487"]
[PlyCount "95"]
[GameId "2160767909576098"]
[EventDate "2012.03.06"]
[EventType "swiss"]
[EventRounds "4"]
[EventCountry "CAN"]
[SourceTitle "EXT 2022"]
[Source "ChessBase"]
[SourceDate "2021.10.06"]
[SourceVersion "1"]
[SourceVersionDate "2021.10.06"]
[SourceQuality "1"]

1. d4 Nf6 2. c4 d6 3. Nc3 g6 4. Nf3 Bg7 5. e4 O-O 6. Be2 c5 7. O-O b6 8. d5 Bg4 9. h3 Bxf3 10. Bxf3 h6 11. Re1 Nbd7 12. Bf4 Ne8 13. Qd2 Kh7 14. Bg4 a6 15. Bg3 Nef6 16. Bxd7 Qxd7 17. f4 Nh5 18. Bh2 Rae8 19. e5 Bh8 20. Re2 Ng7 21. Rae1 Nf5 22. Kh1 Nd4 23. Rf2 b5 24. b3 f5 25. Ne2 Nxe2 26. Rfxe2 bxc4 27. bxc4 Qa4 28. Qd3 Qd7 29. Rb2 Rb8 30. Qa3 Qa7 31. Qa4 Rb4 32. Qc6 Rfb8 33. Rxb4 cxb4 34. Re2 Qb7 35. Qa4 Qc8 36. Qc2 Qb7 37. Qb3 a5 38. Bg3 Bg7 39. Kh2 g5 40. Qb1 Kg6 41. exd6 exd6 42. Re6+ Bf6 43. fxg5 hxg5 44. Bxd6 g4 45. Qb2 Qf7 46. Rxf6+ Qxf6 47. Qxf6+ Kxf6 48. Bxb8 1-0

[Event "Winnipeg TNT March op"]
[Site "Winnipeg CAN"]
[Date "2012.03.20"]
[Round "3"]
[White "Cleto, Sam"]
[Black "Wasserman, Leor"]
[Result "0-1"]
[WhiteElo "1904"]
[BlackElo "1892"]
[PlyCount "98"]
[GameId "2160767909576099"]
[EventDate "2012.03.06"]
[EventType "swiss"]
[EventRounds "4"]
[EventCountry "CAN"]
[SourceTitle "EXT 2022"]
[Source "ChessBase"]
[SourceDate "2021.10.06"]
[SourceVersion "1"]
[SourceVersionDate "2021.10.06"]
[SourceQuality "1"]

1. d4 Nf6 2. c4 e5 3. dxe5 Ne4 4. Nf3 d6 5. Nc3 Nxc3 6. bxc3 Nc6 7. h3 Be6 8. Bg5 Be7 9. Bxe7 Qxe7 10. exd6 Qxd6 11. Qxd6 cxd6 12. e3 Na5 13. Nd2 Rc8 14. Rb1 b6 15. Rb4 Ke7 16. Bd3 Rc7 17. f4 Rhc8 18. g4 Bxc4 19. Bxc4 Nxc4 20. Nxc4 Rxc4 21. Rxc4 Rxc4 22. Kd2 Ra4 23. Ra1 Ke6 24. Kd3 Kd5 25. a3 b5 26. h4 a6 27. h5 g6 28. hxg6 hxg6 29. g5 Kc5 30. Rf1 d5 31. Ra1 a5 32. Ra2 Kb6 33. Rf2 Rxa3 34. f5 b4 35. Kd4 Rxc3 36. fxg6 fxg6 37. Rf6+ Kb5 38. Rxg6 Rc1 39. Rg8 Rd1+ 40. Ke5 b3 41. g6 Rg1 42. g7 Ka4 43. Kxd5 Ka3 44. Kc4 a4 45. Rd8 Rxg7 46. Rd1 Rc7+ 47. Kb5 b2 48. Rd3+ Ka2 49. Kxa4 Ra7+ 0-1

[Event "Winnipeg TNT March op"]
[Site "Winnipeg CAN"]
[Date "2012.03.20"]
[Round "3"]
[White "Kaptsan, Aron"]
[Black "Green, Jim"]
[Result "1-0"]
[WhiteElo "1943"]
[BlackElo "1814"]
[PlyCount "59"]
[GameId "2160767909576100"]
[EventDate "2012.03.06"]
[EventType "swiss"]
[EventRounds "4"]
[EventCountry "CAN"]
[SourceTitle "EXT 2022"]
[Source "ChessBase"]
[SourceDate "2021.10.06"]
[SourceVersion "1"]
[SourceVersionDate "2021.10.06"]
[SourceQuality "1"]

1. d4 d5 2. c4 c6 3. Nc3 Nf6 4. e3 a6 5. a4 g6 6. Nf3 Bg7 7. Bd3 O-O 8. O-O Bg4 9. h3 Be6 10. c5 a5 11. Rb1 Na6 12. Bxa6 Rxa6 13. b4 Bf5 14. Rb3 Ne4 15. b5 Nxc3 16. Rxc3 cxb5 17. axb5 Ra7 18. Ba3 Re8 19. Qa4 e5 20. Rfc1 exd4 21. Nxd4 Bxd4 22. exd4 Re4 23. c6 b6 24. c7 Qc8 25. Bd6 Bd7 26. Be5 Re2 27. Qa3 Bxb5 28. Qd6 Rxe5 29. dxe5 Ra8 30. Qxd5 1-0

[Event "Winnipeg TNT March op"]
[Site "Winnipeg CAN"]
[Date "2012.03.20"]
[Round "3"]
[White "Leaden, Bruce"]
[Black "Remillard, John"]
[Result "0-1"]
[WhiteElo "1488"]
[BlackElo "1583"]
[PlyCount "70"]
[GameId "2160767909576101"]
[EventDate "2012.03.06"]
[EventType "swiss"]
[EventRounds "4"]
[EventCountry "CAN"]
[SourceTitle "EXT 2022"]
[Source "ChessBase"]
[SourceDate "2021.10.06"]
[SourceVersion "1"]
[SourceVersionDate "2021.10.06"]
[SourceQuality "1"]

1. e4 e5 2. Nf3 Nc6 3. d4 Nxd4 4. Bc4 Nxf3+ 5. Qxf3 Qf6 6. Qb3 Bc5 7. O-O Nh6 8. Be3 Bxe3 9. fxe3 Qg6 10. Nd2 d6 11. Rf3 O-O 12. Raf1 b6 13. Bd5 Rb8 14. Bc6 Be6 15. Bd5 c6 16. Bxe6 Qxe6 17. Qxe6 fxe6 18. h3 Rxf3 19. Rxf3 Rf8 20. Kf2 Nf7 21. h4 h5 22. a4 Nh6 23. Rxf8+ Kxf8 24. Kf3 Ke7 25. b4 Ng4 26. c4 d5 27. c5 Nf6 28. cxb6 axb6 29. a5 bxa5 30. bxa5 Kd7 31. Nb3 Nxe4 32. g4 c5 33. gxh5 c4 34. Na1 Kc6 35. Nc2 Kb5 0-1

[Event "Winnipeg TNT March op"]
[Site "Winnipeg CAN"]
[Date "2012.03.20"]
[Round "3"]
[White "Mundwiler, Les"]
[Black "Repa, Jason"]
[Result "1-0"]
[WhiteElo "2087"]
[BlackElo "1987"]
[PlyCount "103"]
[GameId "2160767909576102"]
[EventDate "2012.03.06"]
[EventType "swiss"]
[EventRounds "4"]
[EventCountry "CAN"]
[SourceTitle "EXT 2022"]
[Source "ChessBase"]
[SourceDate "2021.10.06"]
[SourceVersion "1"]
[SourceVersionDate "2021.10.06"]
[SourceQuality "1"]

1. d4 Nf6 2. c4 e6 3. a3 b6 4. Nc3 Bb7 5. f3 d5 6. cxd5 exd5 7. e3 Bd6 8. Bd3 O-O 9. Nge2 Re8 10. Ng3 Nc6 11. Nf5 Bf8 12. O-O g6 13. Ng3 a6 14. b4 Bh6 15. f4 Qd6 16. Ra2 Bg7 17. Be2 Ne7 18. f5 c5 19. dxc5 bxc5 20. Nce4 Nxe4 21. Nxe4 Qc7 22. f6 dxe4 23. fxg7 Rad8 24. Qe1 Nf5 25. Rc2 Rd3 26. Rxc5 Qd8 27. Qf2 Bd5 28. g4 Nxg7 29. Bb2 Rd2 30. Bc3 Be6 31. Bxd2 Qxd2 32. Bxa6 Qxf2+ 33. Rxf2 Bxg4 34. Bc4 Nf5 35. Rc7 Rf8 36. Rf4 Bf3 37. Kf2 Kg7 38. b5 Rd8 39. Rxf7+ Kh6 40. R4xf5 gxf5 41. Rxf5 Rd2+ 42. Kg3 Kg6 43. Kf4 Bd1 44. Ke5 Rb2 45. Rf6+ Kg7 46. Ra6 Kf8 47. b6 Ke8 48. a4 Kd7 49. Bd5 Bg4 50. Ra7+ Kd8 51. a5 Rb5 52. Kd6 1-0

[Event "Winnipeg TNT March op"]
[Site "Winnipeg CAN"]
[Date "2012.03.20"]
[Round "3"]
[White "Swift, Ryne"]
[Black "Li, Kevin"]
[Result "0-1"]
[WhiteElo "1807"]
[BlackElo "2219"]
[PlyCount "66"]
[GameId "2160767909576103"]
[EventDate "2012.03.06"]
[EventType "swiss"]
[EventRounds "4"]
[EventCountry "CAN"]
[SourceTitle "EXT 2022"]
[Source "ChessBase"]
[SourceDate "2021.10.06"]
[SourceVersion "1"]
[SourceVersionDate "2021.10.06"]
[SourceQuality "1"]

1. e4 c5 2. Nf3 Nc6 3. d4 cxd4 4. Nxd4 Nf6 5. Nc3 e6 6. Be3 Bb4 7. f3 d5 8. Nxc6 bxc6 9. e5 Nd7 10. f4 c5 11. Bd2 Bxc3 12. Bxc3 Bb7 13. Qg4 g6 14. Rg1 Qb6 15. O-O-O d4 16. Bd2 Bd5 17. Kb1 Rb8 18. b3 c4 19. Qg3 d3 20. Qe3 dxc2+ 21. Kxc2 cxb3+ 22. Kb2 bxa2+ 23. Qxb6 Rxb6+ 24. Ka1 Nc5 25. Be1 Nb3+ 26. Kxa2 Nd2+ 27. Ka3 Nb1+ 28. Rxb1 Rxb1 29. Bf2 O-O 30. Be2 Rb3+ 31. Ka4 Rb2 32. Re1 Rfb8 33. Bc5 Ra2+ 0-1

[Event "Winnipeg TNT March op"]
[Site "Winnipeg CAN"]
[Date "2012.03.20"]
[Round "3"]
[White "Wolchock, Theo"]
[Black "Trueman, Francis"]
[Result "1-0"]
[WhiteElo "1779"]
[BlackElo "1520"]
[PlyCount "47"]
[GameId "2160767909576104"]
[EventDate "2012.03.06"]
[EventType "swiss"]
[EventRounds "4"]
[EventCountry "CAN"]
[SourceTitle "EXT 2022"]
[Source "ChessBase"]
[SourceDate "2021.10.06"]
[SourceVersion "1"]
[SourceVersionDate "2021.10.06"]
[SourceQuality "1"]

1. c4 Nf6 2. g3 e5 3. Bg2 g6 4. Nc3 Bg7 5. e3 O-O 6. Nge2 d6 7. O-O Nbd7 8. d4 c6 9. b4 a6 10. Ba3 Re8 11. b5 Nf8 12. bxc6 bxc6 13. Bxc6 Bh3 14. Re1 e4 15. Bxe8 Nxe8 16. Nxe4 f5 17. Nd2 Ne6 18. Nf4 Nxf4 19. exf4 Bxd4 20. Rb1 Ra7 21. Qb3 Qa8 22. Qf3 Nf6 23. Qxa8+ Rxa8 24. Bb2 1-0

[Event "Winnipeg TNT March op"]
[Site "Winnipeg CAN"]
[Date "2012.03.27"]
[Round "4"]
[White "Cleto, Sam"]
[Black "Leaden, Bruce"]
[Result "1-0"]
[WhiteElo "1904"]
[BlackElo "1488"]
[PlyCount "61"]
[GameId "2160767909576105"]
[EventDate "2012.03.06"]
[EventType "swiss"]
[EventRounds "4"]
[EventCountry "CAN"]
[SourceTitle "EXT 2022"]
[Source "ChessBase"]
[SourceDate "2021.10.06"]
[SourceVersion "1"]
[SourceVersionDate "2021.10.06"]
[SourceQuality "1"]

1. Nf3 d5 2. d4 Nc6 3. c4 Bg4 4. cxd5 Bxf3 5. dxc6 Bxc6 6. Nc3 e6 7. a3 Nf6 8. f3 Be7 9. e4 O-O 10. Bc4 a6 11. O-O b5 12. Ba2 Bb7 13. Be3 Rc8 14. Rc1 Nd7 15. Qe2 c5 16. dxc5 Bxc5 17. Rfd1 Bxe3+ 18. Qxe3 Qb6 19. Kf2 Rfd8 20. Rd4 e5 21. Bxf7+ Kf8 22. Rxd7 Qxe3+ 23. Kxe3 Rxd7 24. Be6 Rcd8 25. Bxd7 Rxd7 26. Nd1 Ke7 27. Nf2 h5 28. Rc5 Kf6 29. h3 Re7 30. h4 Re8 31. g4 1-0

[Event "Winnipeg TNT March op"]
[Site "Winnipeg CAN"]
[Date "2012.03.27"]
[Round "4"]
[White "Green, Jim"]
[Black "Swift, Ryne"]
[Result "0-1"]
[WhiteElo "1814"]
[BlackElo "1807"]
[PlyCount "140"]
[GameId "2160767909576106"]
[EventDate "2012.03.06"]
[EventType "swiss"]
[EventRounds "4"]
[EventCountry "CAN"]
[SourceTitle "EXT 2022"]
[Source "ChessBase"]
[SourceDate "2021.10.06"]
[SourceVersion "1"]
[SourceVersionDate "2021.10.06"]
[SourceQuality "1"]

1. e4 e5 2. Nf3 Nc6 3. d4 exd4 4. Nxd4 Bc5 5. Nxc6 bxc6 6. Bc4 Nf6 7. Bg5 Bxf2+ 8. Kf1 Bc5 9. e5 h6 10. exf6 hxg5 11. Qe2+ Kf8 12. fxg7+ Kxg7 13. Qe5+ Qf6+ 14. Qxf6+ Kxf6 15. Nc3 d5 16. Bd3 Bf5 17. Bxf5 Kxf5 18. Re1 Rae8 19. a3 Bd4 20. Nd1 Rxe1+ 21. Kxe1 Be5 22. Rf1+ Ke6 23. h3 Rb8 24. b3 d4 25. Kd2 Rh8 26. Nf2 f5 27. Nd3 Kf6 28. a4 Re8 29. Kd1 Bd6 30. Kd2 c5 31. Nb2 Bf4+ 32. Kd1 Re3 33. h4 Rg3 34. hxg5+ Kxg5 35. Rf2 Bd6 36. Nc4 Kf6 37. Kd2 Kg5 38. Ke2 Rc3 39. Kd1 d3 40. cxd3 Rxb3 41. Kc2 Rb4 42. a5 Ra4 43. Kb3 Ra1 44. Kb2 Ra4 45. Kb3 Ra1 46. Kb2 Rg1 47. Kb3 a6 48. Kc2 f4 49. Kb3 Kg4 50. Nd2 Ra1 51. Nc4 Kg3 52. Rd2 Rg1 53. d4 Rxg2 54. Rd3+ Kh2 55. Nd2 cxd4 56. Kc4 Rf2 57. Kxd4 Kg2 58. Ke4 Re2+ 59. Kd4 Bb4 60. Ne4 c5+ 61. Nxc5 Bxc5+ 62. Kxc5 f3 63. Rd6 f2 64. Rg6+ Kf3 65. Rxa6 Kg4 66. Rf6 Re5+ 67. Kb6 Rf5 68. Rxf5 Kxf5 69. a6 f1=Q 70. Kb7 Qb5+ 0-1